000 01208nam a2200277Ia 4500
003 OSt
005 20221005110551.0
006 a|||||r|||| 00| 0
007 ta
008 221004b |||||||| |||| 00| 0 hin d
020 _a9788126319633 (hbk)
_c550
024 _a107406
037 _b1464, 17/03/2011, Kiran Book Service
_cTextual
040 _aCRL
_cCRL
_bhin
041 _2hin
_ahin
082 _aO152,3N314,KS, Q0
100 _aवर्मा, सुरेन्द्र
245 0 _aकाटना शमी का वृक्ष पद्यपंखुरी की धार से
_b एक दृश् काव्याख्यान
246 _aKāṭanā shamī kā vṛukṣha padyapankhurī kī dhār se: ek dṛush kāvyākhyāna
260 _aनई दिल्ली
_bभारतीय ज्ञानपीठ भारत
_c2010
300 _a530पृ0
_ccm.
490 _aलोकोदय ग्रंथमाला; 1046
650 _aहिन्दी साहित्य
942 _hO152,3N314,KS, Q0
_cTEXL
_2cc
999 _c1019227
_d1019227